[Event "6th Asia-ch"]
[Site "Cebu City PHI"]
[Date "2007.09.26"]
[Round "8.36"]
[White "Lanka, Ravi"]
[Black "Yueh Wei Po"]
[Result "1-0"]
[WhiteElo "2404"]
[BlackElo "2044"]
[EventDate "2007.09.19"]
[PlyCount "137"]

1.c4 e5 2.Nc3 Nf6 3.Nf3 Nc6 4.d4 exd4 5.Nxd4 Bb4 6.Bg5 Bxc3+ 7.bxc3 d6 8.
Nxc6 bxc6 9.g3 h6 10.Bf4 Bd7 11.Bg2 O-O 12.c5 d5 13.O-O Re8 14.c4 Bg4 15.
Re1 Qd7 16.Qd2 Re7 17.Rad1 Rae8 18.f3 Be6 19.Be5 Nh7 20.Ba1 f6 21.h4 Qc8 
22.cxd5 cxd5 23.c6 Qa6 24.Rc1 Bf7 25.Bf1 Qa3 26.Bd4 Qd6 27.Kf2 Qd8 28.Bxa7
Nf8 29.Bc5 Re5 30.Bd4 R5e7 31.a4 Qa8 32.a5 Re6 33.e3 Rxc6 34.Rxc6 Qxc6 35.
Rc1 Qa4 36.Rxc7 Ne6 37.Rc2 Nxd4 38.exd4 Ra8 39.a6 Bg6 40.Rc7 Rxa6 41.Bxa6 
Qxa6 42.Qb2 Qd3 43.g4 h5 44.gxh5 Bxh5 45.Rc8+ Kh7 46.Qc2 Bg6 47.Qxd3 Bxd3 
48.Ke3 Bb1 49.Ra8 Bc2 50.Rb8 Ba4 51.Kf4 Kg6 52.Rb7 Bc6 53.Rc7 Ba4 54.Ke3 
Bb3 55.Kd2 Kh6 56.Rd7 g5 57.Rd6 gxh4 58.Rxf6+ Kg5 59.Rf8 Ba4 60.Ke3 Bd7 
61.Rg8+ Kf5 62.Rg4 h3 63.Kf2 Kf6 64.Kg3 Bxg4 65.fxg4 Kg5 66.Kxh3 Kg6 67.
Kh4 Kh6 68.g5+ Kg7 69.Kg4 1-0

[Event "6th Asia-ch"]
[Site "Cebu City PHI"]
[Date "2007.09.27"]
[Round "9.5"]
[White "Zhou Jianchao"]
[Black "Kunte, Abhijit"]
[Result "1/2-1/2"]
[WhiteElo "2572"]
[BlackElo "2519"]
[EventDate "2007.09.19"]
[PlyCount "117"]

1.Nf3 Nf6 2.c4 e6 3.Nc3 Bb4 4.Qc2 O-O 5.a3 Bxc3 6.Qxc3 b6 7.e3 Bb7 8.Be2 
d6 9.O-O a5 10.b3 Nbd7 11.Bb2 Qe7 12.b4 axb4 13.axb4 c5 14.d4 Rxa1 15.Rxa1
Ra8 16.Rxa8+ Bxa8 17.Nd2 Qd8 18.f3 Qc7 19.Qa3 Bb7 20.e4 e5 21.bxc5 bxc5 
22.dxe5 Nxe5 23.Bc3 Ne8 24.Nf1 Ng6 25.g3 Bc6 26.Ne3 Qb7 27.Qa1 Qa8 28.Qxa8
Bxa8 29.Kf2 Kf8 30.h4 h6 31.h5 Ne5 32.Nf5 f6 33.g4 Bb7 34.f4 Nf7 35.Ke3 
Nc7 36.g5 hxg5 37.fxg5 Nxg5 38.Nxd6 Bc6 39.e5 fxe5 40.Bxe5 Nce6 41.Bb2 Ke7
42.Nf5+ Kf8 43.Bd3 Be8 44.Ng3 Ke7 45.Be5 Nf7 46.Nf5+ Kf8 47.Bb8 Bd7 48.Ng3
Ke7 49.Ne4 Be8 50.Ng3 Nd6 51.Kf3 Bf7 52.Kg4 Nd4 53.Ba7 Nc6 54.Bxc5 Ne5+ 
55.Kg5 Nxd3 56.Nf5+ Ke8 57.Nxg7+ Kd7 58.Bxd6 Bxh5 59.Nxh5 1/2-1/2

[Event "6th Asia-ch"]
[Site "Cebu City PHI"]
[Date "2007.09.27"]
[Round "9.8"]
[White "Filippov, Anton"]
[Black "Utut Adianto"]
[Result "1-0"]
[WhiteElo "2481"]
[BlackElo "2583"]
[EventDate "2007.09.19"]
[PlyCount "73"]

1.e4 c6 2.d4 d5 3.e5 Bf5 4.c4 dxc4 5.Bxc4 e6 6.Nc3 Nd7 7.Nge2 Nb6 8.Bb3 
Ne7 9.O-O h6 10.Nf4 Qd7 11.Be3 Ned5 12.Rc1 Nxf4 13.Bxf4 Be7 14.Be3 O-O 15.
g4 Bh7 16.f4 f5 17.h3 Kh8 18.Rc2 Rad8 19.Rg2 c5 20.dxc5 Qc8 21.Qe2 Bxc5 
22.Bxc5 Qxc5+ 23.Qf2 Qxf2+ 24.Rfxf2 Nd5 25.Bxd5 exd5 26.Nb5 fxg4 27.hxg4 
Rc8 28.f5 Rc1+ 29.Kh2 h5 30.e6 hxg4 31.Nd6 Rc7 32.Rxg4 Re7 33.Kg3 Rf6 34.
Rh2 Kg8 35.Rgh4 g6 36.Rxh7 Rxh7 37.Rxh7 1-0

[Event "6th Asia-ch"]
[Site "Cebu City PHI"]
[Date "2007.09.27"]
[Round "9.9"]
[White "Rohit, Goginenni"]
[Black "Antonio, Rogelio jr"]
[Result "1/2-1/2"]
[WhiteElo "2470"]
[BlackElo "2532"]
[EventDate "2007.09.19"]
[PlyCount "127"]

1.e4 c6 2.d4 d5 3.Nc3 dxe4 4.Nxe4 Bf5 5.Ng3 Bg6 6.h4 h6 7.Nf3 Nd7 8.h5 Bh7
9.Bd3 Bxd3 10.Qxd3 e6 11.Bf4 Qa5+ 12.Bd2 Bb4 13.c3 Be7 14.c4 Qc7 15.O-O-O 
Ngf6 16.Rhe1 Rd8 17.Kb1 O-O 18.Nf5 exf5 19.Rxe7 Qd6 20.Re2 Ne4 21.Bc1 Rfe8
22.g3 b5 23.cxb5 cxb5 24.Nh4 Qd5 25.f3 Nef6 26.Rh2 Nc5 27.Qxf5 Ne6 28.Re2 
Qc4 29.Qc2 Qxc2+ 30.Rxc2 Rd6 31.Rh1 Rd5 32.g4 Nxd4 33.Rd2 Red8 34.Re1 a5 
35.Rd3 R8d7 36.Bf4 Kh7 37.Bc1 a4 38.Ng2 Ne6 39.Rxd5 Nxd5 40.Ne3 Ng5 41.Rf1
Nxe3 42.Bxe3 Rd3 43.Bxg5 hxg5 44.Kc2 Rd4 45.Rd1 Rc4+ 46.Kd2 Rf4 47.Ke3 Rb4
48.Rd2 g6 49.hxg6+ Kxg6 50.a3 Rb3+ 51.Ke4 f6 52.Rc2 b4 53.axb4 Rxb4+ 54.
Ke3 Kf7 55.Rd2 Ke6 56.Rd4 Rb3+ 57.Ke4 Rxb2 58.Rxa4 Re2+ 59.Kd3 Re5 60.Re4 
Rxe4 61.Kxe4 f5+ 62.gxf5+ Kf6 63.Ke3 Kxf5 64.Kf2 1/2-1/2

[Event "6th Asia-ch"]
[Site "Cebu City PHI"]
[Date "2007.09.27"]
[Round "9.10"]
[White "Sandipan, Chanda"]
[Black "Batchuluun, Cegmed"]
[Result "1-0"]
[WhiteElo "2563"]
[BlackElo "2415"]
[EventDate "2007.09.19"]
[PlyCount "132"]

1.e4 e6 2.d4 d5 3.e5 c5 4.c3 Nc6 5.Nf3 Qb6 6.Be2 cxd4 7.cxd4 Nh6 8.Bd3 Bd7
9.Bc2 g6 10.Nc3 Nf5 11.Bxf5 gxf5 12.O-O Rg8 13.h3 Be7 14.Rb1 Rc8 15.Be3 
Na5 16.Qd3 Nc4 17.b3 Nxe3 18.Qxe3 Qa6 19.Na4 Bxa4 20.bxa4 b6 21.Rbc1 Kd7 
22.Rxc8 Kxc8 23.Qh6 Qxa4 24.Qxh7 Rf8 25.Qg7 Kd8 26.Ng5 Qe8 27.Rc1 Kd7 28.
Nh7 Rg8 29.Qh6 Rg6 30.Qd2 Qb8 31.Qc2 Rh6 32.Nf6+ Bxf6 33.exf6 Rxf6 34.Qc6+
Kd8 35.a4 Rg6 36.Rb1 Qc7 37.Qa8+ Ke7 38.a5 Kf6 39.a6 Kg7 40.Kh1 Rh6 41.Qe8
Qc2 42.Rg1 Qc4 43.Qb8 Qxa6 44.Rc1 Qe2 45.Rc8 Qd1+ 46.Kh2 Qxd4 47.Rg8+ Kh7 
48.Qe8 Qf6 49.Rf8 Kg7 50.Rg8+ Kh7 51.Rf8 Kg6 52.Rg8+ Kh5 53.f4 Rg6 54.Rh8+
Rh6 55.Rg8 Rh7 56.Rg5+ Qxg5 57.fxg5 Kxg5 58.Qg8+ Kh6 59.h4 f6 60.Qxe6 Kg6 
61.Qg8+ Kh6 62.h5 Rg7 63.Qh8+ Rh7 64.Qxf6+ Kxh5 65.Qxf5+ Kh6 66.Qf6+ Kh5 
1-0

[Event "6th Asia-ch"]
[Site "Cebu City PHI"]
[Date "2007.09.27"]
[Round "9.14"]
[White "Yap Kim, Steven"]
[Black "Li Chao"]
[Result "0-1"]
[WhiteElo "2246"]
[BlackElo "2529"]
[EventDate "2007.09.19"]
[PlyCount "64"]

1.e4 c5 2.Nf3 d6 3.d4 Nf6 4.Nc3 cxd4 5.Nxd4 Nc6 6.Bc4 e6 7.Bb3 Be7 8.O-O 
O-O 9.f4 Nxd4 10.Qxd4 b6 11.Kh1 Bb7 12.f5 e5 13.Qd3 Rc8 14.Bg5 Rxc3 15.
Qxc3 Nxe4 16.Bxe7 Qxe7 17.Qe3 d5 18.c3 Qf6 19.Rad1 Rd8 20.Bc2 Nd6 21.Bb3 
Nxf5 22.Qh3 g6 23.Bc2 e4 24.g4 d4 25.gxf5 e3+ 26.Rf3 e2 27.Re1 d3 28.Bb3 
d2 29.Rxe2 d1=Q+ 30.Bxd1 Rxd1+ 31.Kg2 Qg5+ 32.Qg3 Bxf3+ 0-1

[Event "6th Asia-ch"]
[Site "Cebu City PHI"]
[Date "2007.09.27"]
[Round "9.15"]
[White "Ghaem Maghami, Ehsan"]
[Black "Dimakiling, Oliver"]
[Result "0-1"]
[WhiteElo "2610"]
[BlackElo "2500"]
[EventDate "2007.09.19"]
[PlyCount "96"]

1.e4 c5 2.Nf3 d6 3.d4 cxd4 4.Nxd4 Nf6 5.Nc3 a6 6.Be3 Ng4 7.Bc1 Nc6 8.Be2 
Nf6 9.O-O g6 10.Nb3 Bg7 11.Re1 O-O 12.Bf1 Be6 13.Bg5 h6 14.Bh4 Rc8 15.Nd5 
g5 16.Bg3 a5 17.a4 Nd7 18.c3 Nde5 19.f3 f5 20.Bf2 fxe4 21.Rxe4 Kh8 22.Nb6 
Rb8 23.Nc4 d5 24.Rxe5 Nxe5 25.Nxe5 Bxe5 26.Qe1 Qc7 27.Bd4 Bxd4+ 28.Nxd4 
Bg8 29.Nb5 Qb6+ 30.Kh1 Qf6 31.Rd1 Rbd8 32.h3 e5 33.Qe3 b6 34.Bd3 e4 35.Be2
Rfe8 36.fxe4 Rxe4 37.Qd3 Rde8 38.Nd4 Re3 39.Qb5 Bh7 40.Rf1 Qd6 41.Rf2 Bg6 
42.Rf1 h5 43.Kg1 h4 44.Rf2 g4 45.hxg4 h3 46.gxh3 Rg3+ 47.Kf1 Rxh3 48.Bf3 
Re3 0-1

[Event "6th Asia-ch"]
[Site "Cebu City PHI"]
[Date "2007.09.27"]
[Round "9.16"]
[White "Xu Jun"]
[Black "Wang Rui"]
[Result "1/2-1/2"]
[WhiteElo "2574"]
[BlackElo "2482"]
[EventDate "2007.09.19"]
[PlyCount "115"]

1.d4 d5 2.Nf3 c6 3.c4 Nf6 4.Nc3 dxc4 5.a4 Bf5 6.Ne5 Nbd7 7.Nxc4 Nb6 8.Ne5 
a5 9.e3 g6 10.g3 Bg7 11.Bg2 O-O 12.e4 Be6 13.O-O Nfd7 14.Nf3 Bc4 15.Re1 e5
16.Bg5 Qc7 17.d5 Nc5 18.Nd2 Ba6 19.Be3 Nd3 20.Qb3 Nd7 21.Red1 Rfc8 22.Bf1 
N7c5 23.Qc2 Nb4 24.Qb1 cxd5 25.Nxd5 Nxd5 26.exd5 Bxf1 27.Rxf1 Qd7 28.Nc4 
Nxa4 29.Rxa4 Qxa4 30.Nb6 Qb5 31.d6 Rab8 32.Nxc8 Rxc8 33.Rd1 Qd7 34.Qe4 Rc6
35.Qd5 a4 36.Qb5 Bf8 37.Qxa4 Bxd6 38.Bc5 Qe7 39.Bxd6 Rxd6 40.Rxd6 Qxd6 41.
Qa8+ Kg7 42.Qxb7 Qd3 43.Qb4 Qd1+ 44.Kg2 Qd5+ 45.Kf1 Qh1+ 46.Ke2 Qxh2 47.
Qe4 Qh5+ 48.g4 Qg5 49.b4 Kf6 50.Qc4 Kg7 51.b5 e4 52.Qc3+ Kg8 53.Qc8+ Kg7 
54.Qd7 Qc5 55.Qc6 Qa3 56.Qd7 Qc5 57.Qc6 Qa3 58.Qd7 1/2-1/2

[Event "6th Asia-ch"]
[Site "Cebu City PHI"]
[Date "2007.09.27"]
[Round "9.17"]
[White "Bagheri, Amir"]
[Black "Li Shilong"]
[Result "0-1"]
[WhiteElo "2495"]
[BlackElo "2550"]
[EventDate "2007.09.19"]
[PlyCount "64"]

1.d4 Nf6 2.Nf3 g6 3.Bg5 Bg7 4.Nbd2 O-O 5.e4 d6 6.c3 c5 7.dxc5 dxc5 8.Be2 
Nc6 9.O-O Qc7 10.Qc2 h6 11.Be3 b6 12.h3 Nh5 13.Rfd1 Nf4 14.Bf1 g5 15.Ne1 
Kh8 16.f3 h5 17.Nd3 Ng6 18.Nf2 g4 19.fxg4 hxg4 20.Nxg4 Bxg4 21.hxg4 Qg3 
22.Nf3 Qxg4 23.Nh2 Qe6 24.Rd5 Nce5 25.Rad1 Bf6 26.Qd2 Kh7 27.g4 Bh4 28.Qg2
Kg7 29.g5 Rh8 30.b4 f6 31.gxf6+ Bxf6 32.bxc5 Rxh2 0-1

[Event "6th Asia-ch"]
[Site "Cebu City PHI"]
[Date "2007.09.27"]
[Round "9.18"]
[White "Mahjoobzardast, Morteza"]
[Black "Moradiabadi, Elshan"]
[Result "1-0"]
[WhiteElo "2479"]
[BlackElo "2540"]
[EventDate "2007.09.19"]
[PlyCount "69"]

1.d4 Nf6 2.c4 c5 3.Nf3 e6 4.Nc3 d5 5.cxd5 Nxd5 6.e4 Nxc3 7.bxc3 cxd4 8.
cxd4 Bb4+ 9.Bd2 Bxd2+ 10.Qxd2 O-O 11.Be2 Nd7 12.O-O b6 13.Rad1 Bb7 14.Bd3 
Rc8 15.Rfe1 Re8 16.Bb1 Nf8 17.Re3 Re7 18.h4 Rd7 19.h5 Qf6 20.Ra3 a6 21.Rb3
b5 22.Ne5 Rdd8 23.a4 Qh4 24.axb5 Qxh5 25.b6 f6 26.Nf3 Ng6 27.Rc1 Qg4 28.
Rc7 Bxe4 29.Bxe4 Qxe4 30.Rxc8 Rxc8 31.b7 Rb8 32.Qc3 Ne7 33.Qc7 Nc6 34.Rb6 
Qc2 35.Kh2 1-0

[Event "6th Asia-ch"]
[Site "Cebu City PHI"]
[Date "2007.09.27"]
[Round "9.20"]
[White "Torre, Eugenio"]
[Black "Girinath, P. D. S."]
[Result "1/2-1/2"]
[WhiteElo "2536"]
[BlackElo "2440"]
[EventDate "2007.09.19"]
[PlyCount "87"]

1.d4 e6 2.Nf3 f5 3.Bg5 Be7 4.Bxe7 Qxe7 5.Nbd2 Nf6 6.e3 b6 7.Bd3 Bb7 8.c3 
O-O 9.Qc2 c5 10.e4 c4 11.e5 cxd3 12.exf6 Qxf6 13.Qxd3 Nc6 14.O-O Ne7 15.
Ne5 d6 16.Nec4 e5 17.d5 e4 18.Qg3 Ba6 19.Rfe1 Bxc4 20.Nxc4 Nxd5 21.Ne3 
Nxe3 22.Qxe3 d5 23.a4 Rac8 24.Ra3 Rc4 25.Rea1 Rfc8 26.g3 h6 27.Kg2 a6 28.
Qe2 Kh7 29.Rb3 R8c6 30.Qe3 Qg6 31.Qe2 Qe8 32.Rba3 Qc8 33.Qd2 Qe6 34.Re1 b5
35.axb5 axb5 36.Re3 b4 37.Ra5 Qc8 38.Rxd5 bxc3 39.bxc3 Rxc3 40.Rxc3 Rxc3 
41.Kh3 Qc4 42.Rxf5 Rc2 43.Qd1 Qa2 44.Qg1 1/2-1/2

[Event "6th Asia-ch"]
[Site "Cebu City PHI"]
[Date "2007.09.27"]
[Round "9.21"]
[White "Kim, Alexey"]
[Black "Paragua, Mark"]
[Result "1/2-1/2"]
[WhiteElo "2445"]
[BlackElo "2525"]
[EventDate "2007.09.19"]
[PlyCount "50"]

1.e4 c5 2.Nf3 d6 3.d4 cxd4 4.Nxd4 Nf6 5.Nc3 a6 6.Be2 e5 7.Nb3 Be7 8.O-O 
O-O 9.Kh1 b6 10.Be3 Bb7 11.f3 b5 12.a4 b4 13.Nd5 Nxd5 14.exd5 Nd7 15.c4 
bxc3 16.bxc3 Bg5 17.Bf2 a5 18.Rb1 Qc7 19.Bb5 Ba6 20.c4 Bxb5 21.cxb5 Rfc8 
22.Qd3 g6 23.h4 Bh6 24.Rfe1 Bc1 25.Rbxc1 Qb7 1/2-1/2

[Event "6th Asia-ch"]
[Site "Cebu City PHI"]
[Date "2007.09.27"]
[Round "9.22"]
[White "Yu Shaoteng"]
[Black "Bancod, Ronald"]
[Result "1-0"]
[WhiteElo "2524"]
[BlackElo "2373"]
[EventDate "2007.09.19"]
[PlyCount "79"]

1.e4 g6 2.d4 Bg7 3.Nc3 d6 4.Be3 a6 5.f4 b5 6.Bd3 Bb7 7.Nf3 Nd7 8.e5 c5 9.
Be4 Bxe4 10.Nxe4 cxd4 11.Bxd4 dxe5 12.fxe5 Nf8 13.Nc5 Nh6 14.c3 Ne6 15.
Nxe6 fxe6 16.O-O O-O 17.Qb3 Qd5 18.Ng5 Rxf1+ 19.Rxf1 Ng4 20.Re1 Rc8 21.
Nxe6 Rc4 22.Nxg7 Kxg7 23.h3 Rxd4 24.cxd4 Qxd4+ 25.Kh1 Nf2+ 26.Kh2 Nd3 27.
Rf1 Qxe5+ 28.Kh1 Nxb2 29.Rf7+ Kh6 30.Qb4 Nc4 31.Qxe7 Qxe7 32.Rxe7 Kg5 33.
Rxh7 Kf4 34.Rc7 Ke4 35.Rc6 a5 36.a4 Kd5 37.axb5 a4 38.Ra6 a3 39.b6 Kc6 40.
Kh2 1-0

[Event "6th Asia-ch"]
[Site "Cebu City PHI"]
[Date "2007.09.27"]
[Round "9.24"]
[White "Tu Hoang Thong"]
[Black "Sadorra, Julio"]
[Result "1-0"]
[WhiteElo "2483"]
[BlackElo "2421"]
[EventDate "2007.09.19"]
[PlyCount "53"]

1.e4 e6 2.d4 d5 3.Nc3 Bb4 4.exd5 exd5 5.Bd3 Nc6 6.a3 Bxc3+ 7.bxc3 Be6 8.
Qf3 Qd7 9.Ne2 O-O-O 10.h3 Nge7 11.Ng3 h6 12.Nh5 Rhg8 13.O-O Kb8 14.a4 Nc8 
15.Re1 a6 16.Ba3 Nb6 17.Bc5 Nc4 18.Nf4 Bf5 19.Bxc4 dxc4 20.d5 Na5 21.Re7 
Qc8 22.Bb4 Nb3 23.cxb3 cxb3 24.Nd3 Rge8 25.Rae1 Rxe7 26.Rxe7 Bg6 27.Nc1 
1-0

[Event "6th Asia-ch"]
[Site "Cebu City PHI"]
[Date "2007.09.27"]
[Round "9.25"]
[White "Al-Sayed, Mohamad Naser"]
[Black "Hussein, Noah A."]
[Result "1-0"]
[WhiteElo "2469"]
[BlackElo "2341"]
[EventDate "2007.09.19"]
[PlyCount "39"]

1.e4 e5 2.Nf3 Nf6 3.Nxe5 d6 4.Nf3 Nxe4 5.Nc3 Nf6 6.d4 Be7 7.Bd3 O-O 8.h3 
c5 9.O-O Nc6 10.Re1 d5 11.dxc5 Bxc5 12.Bg5 Be6 13.Qd2 Be7 14.Rad1 Re8 15.
Bb5 a6 16.Ba4 h6 17.Bh4 Qa5 18.Bxc6 bxc6 19.Nd4 c5 20.Nc6 1-0

[Event "6th Asia-ch"]
[Site "Cebu City PHI"]
[Date "2007.09.27"]
[Round "9.26"]
[White "Samhouri, Ahmad"]
[Black "Arun Prasad, Subramanian"]
[Result "0-1"]
[WhiteElo "2362"]
[BlackElo "2448"]
[EventDate "2007.09.19"]
[PlyCount "106"]

1.e4 c5 2.Nf3 d6 3.d4 cxd4 4.Nxd4 Nf6 5.Nc3 a6 6.Bg5 e6 7.f4 Nbd7 8.Qf3 
Qc7 9.O-O-O Be7 10.Bd3 b5 11.Rhe1 Bb7 12.Qg3 b4 13.Nd5 exd5 14.exd5 Kd8 
15.Qe3 Nb6 16.Nf5 Nbxd5 17.Qd4 Kc8 18.Nxg7 Bd8 19.Nf5 Kb8 20.Bc4 Rg8 21.
Re2 Qd7 22.Qd3 Rg6 23.g4 Ka7 24.h4 Bb6 25.Qb3 Re8 26.Rde1 Rgg8 27.Qd3 Rxe2
28.Rxe2 Rxg5 29.fxg5 Nf4 30.Qxd6 Nxe2+ 31.Bxe2 Qe8 32.Qe7 Qxe7 33.Nxe7 Ne4
34.Bc4 Bf2 35.Nf5 f6 36.gxf6 Nxf6 37.g5 Ng4 38.Bd3 Ne5 39.Be2 Bc8 40.Ne7 
Be6 41.g6 Nxg6 42.Nc6+ Kb6 43.Nxb4 a5 44.Nd3 Bxh4 45.b3 Nf4 46.Nxf4 Bg5 
47.Kb2 Bxf4 48.Bh5 Be5+ 49.c3 Bf5 50.a3 Bg6 51.Bd1 h5 52.b4 h4 53.Bf3 a4 
0-1

[Event "6th Asia-ch"]
[Site "Cebu City PHI"]
[Date "2007.09.27"]
[Round "9.27"]
[White "Djinh Djuc Trong"]
[Black "Khader, Sami"]
[Result "1-0"]
[WhiteElo "2354"]
[BlackElo "2422"]
[EventDate "2007.09.19"]
[PlyCount "99"]

1.g3 e5 2.Bg2 d5 3.d3 Nf6 4.Nc3 c6 5.Nf3 Bd6 6.e4 dxe4 7.dxe4 O-O 8.O-O 
Qe7 9.h3 Rd8 10.Qe2 b5 11.Rd1 b4 12.Nb1 Ba6 13.Qe1 Nbd7 14.Bg5 h6 15.Bd2 
Kh7 16.Nh4 g6 17.a3 bxa3 18.Nxa3 Nc5 19.Nb1 Bc8 20.Qe3 Ng8 21.Ba5 Rd7 22.
Nd2 Ne6 23.Nhf3 c5 24.c3 Ba6 25.Bd8 Raxd8 26.Rxa6 Bb8 27.Rda1 Rd3 28.Qe1 
Qf6 29.Qe2 Qe7 30.Nc4 Kg7 31.h4 Nf6 32.Bh3 Qb7 33.Bxe6 fxe6 34.Ncxe5 R3d6 
35.Rxd6 Bxd6 36.Nc4 Nxe4 37.Re1 Nf6 38.Nh2 h5 39.Nf3 e5 40.Nfxe5 Bxe5 41.
Nxe5 Qc8 42.Qc4 Rf8 43.Nd3 Qf5 44.Nxc5 Ng4 45.Ne6+ Kh6 46.Qf4+ Qxf4 47.
Nxf4 Rb8 48.b4 Rc8 49.Re6 Rg8 50.f3 1-0

[Event "6th Asia-ch"]
[Site "Cebu City PHI"]
[Date "2007.09.27"]
[Round "9.28"]
[White "Bagamasbad, Efren"]
[Black "Toufighi, Homayoon"]
[Result "0-1"]
[WhiteElo "2331"]
[BlackElo "2391"]
[EventDate "2007.09.19"]
[PlyCount "66"]

1.e4 e6 2.d4 d5 3.Nc3 Bb4 4.e5 c5 5.Bd2 Ne7 6.f4 Nf5 7.Nf3 Nc6 8.a3 Bxc3 
9.Bxc3 cxd4 10.Bd2 Qb6 11.b4 Bd7 12.Bd3 Ne3 13.Qe2 Ne7 14.c3 Rc8 15.Nxd4 
Nc4 16.Be3 Nxe3 17.Qxe3 Rxc3 18.Kd2 Rc8 19.Rhc1 O-O 20.g4 Rfd8 21.f5 Rc4 
22.Rxc4 dxc4 23.f6 Be8 24.Bxh7+ Kxh7 25.fxe7 Qxd4+ 26.Qxd4 Rxd4+ 27.Kc3 
Rd7 28.Kxc4 Rc7+ 29.Kb3 Rxe7 30.Rd1 Rd7 31.Rd6 Rxd6 32.exd6 Bd7 33.Kc4 f6 
0-1

[Event "6th Asia-ch"]
[Site "Cebu City PHI"]
[Date "2007.09.27"]
[Round "9.29"]
[White "Makinano, Anthony"]
[Black "Nouri, Hamed"]
[Result "0-1"]
[WhiteElo "2317"]
[BlackElo "2426"]
[EventDate "2007.09.19"]
[PlyCount "84"]

1.d4 c5 2.d5 e5 3.c4 d6 4.Nc3 g6 5.h4 h6 6.e4 Bg7 7.h5 Nf6 8.hxg6 fxg6 9.
Be2 Nbd7 10.Be3 a6 11.Qd2 g5 12.O-O-O Nf8 13.g3 Qe7 14.f4 exf4 15.gxf4 
Nxe4 16.Bh5+ Kd7 17.Nxe4 Qxe4 18.Qe2 Kc7 19.Bf3 Qf5 20.Qg2 g4 21.Be4 Qf6 
22.Rd2 h5 23.Ne2 Bd7 24.Bxc5 dxc5 25.d6+ Kd8 26.Bxb7 Rb8 27.Nc3 Ne6 28.Rf1
Nd4 29.Ne4 Qf5 30.Bd5 Be6 31.Bxe6 Qxe6 32.Kb1 Re8 33.Ng5 Qe1+ 34.Rd1 Qe2 
35.Rd2 Qxg2 36.Rxg2 Kd7 37.f5 Nxf5 38.Rd2 Nd4 39.a3 Rf8 40.Rh1 Bh6 41.Rxh5
Rf1+ 42.Ka2 Nb3 0-1

[Event "6th Asia-ch"]
[Site "Cebu City PHI"]
[Date "2007.09.27"]
[Round "9.30"]
[White "Bitoon, Richard"]
[Black "Senador, Emmanuel"]
[Result "1-0"]
[WhiteElo "2399"]
[BlackElo "2380"]
[EventDate "2007.09.19"]
[PlyCount "76"]

1.c4 e5 2.Nc3 Nf6 3.Nf3 Nc6 4.e3 Bb4 5.Qc2 Bxc3 6.Qxc3 Qe7 7.d3 O-O 8.a3 
a5 9.b3 d5 10.cxd5 Nxd5 11.Qc2 Bg4 12.Be2 Rad8 13.O-O Rd6 14.h3 Bh5 15.Bb2
Bg6 16.Rac1 Rfd8 17.Rfd1 Kh8 18.Qc4 h6 19.Qh4 Qxh4 20.Nxh4 Bh7 21.Nf3 f6 
22.g3 e4 23.dxe4 Bxe4 24.Ne1 Nb6 25.Rxd6 Rxd6 26.Nf3 a4 27.b4 Nd5 28.Nd4 
Ne5 29.Nb5 Rd7 30.f3 Bg6 31.e4 c6 32.exd5 cxb5 33.Rd1 Bc2 34.Rd2 Bb3 35.
Bxb5 Rxd5 36.Rxd5 Bxd5 37.Kf2 Bb3 38.Ke3 Bc2 1-0

[Event "6th Asia-ch"]
[Site "Cebu City PHI"]
[Date "2007.09.27"]
[Round "9.31"]
[White "Lalith Babu, Musunuri Rohit"]
[Black "Goh Weiming"]
[Result "1/2-1/2"]
[WhiteElo "2353"]
[BlackElo "2388"]
[EventDate "2007.09.19"]
[PlyCount "101"]

1.Nf3 d5 2.d4 e6 3.c4 c6 4.Qc2 dxc4 5.Qxc4 b5 6.Qc2 Bb7 7.e4 Nd7 8.Be2 a6 
9.Nc3 Rc8 10.O-O b4 11.Na4 Ngf6 12.Bg5 Qa5 13.b3 c5 14.d5 exd5 15.exd5 Bd6
16.Bc4 O-O 17.Qd3 Rce8 18.Rfe1 Qc7 19.h3 h6 20.Bd2 a5 21.Rad1 Rxe1+ 22.
Rxe1 Rd8 23.Be3 Nb6 24.Nxb6 Qxb6 25.Rd1 Bf8 26.Qf5 g6 27.Qe5 Re8 28.Qb2 
Ne4 29.Rd3 Bc8 30.Qc1 Kh7 31.Bf4 Qf6 32.Bc7 Bd6 33.Bxd6 Nxd6 34.Re3 Rxe3 
35.Qxe3 Nxc4 36.bxc4 a4 37.Qxc5 b3 38.axb3 axb3 39.Qxc8 Qa1+ 40.Kh2 b2 41.
Nd2 Qc1 42.Qc7 Qxd2 43.Qxf7+ Kh8 44.Qe8+ Kg7 45.Qe7+ Kg8 46.Qe8+ Kg7 47.
Qd7+ Kf8 48.Qd8+ Kf7 49.Qd7+ Kf8 50.Qd8+ Kf7 51.Qd7+ 1/2-1/2

[Event "6th Asia-ch"]
[Site "Cebu City PHI"]
[Date "2007.09.27"]
[Round "9.32"]
[White "Bayarmandah, Balgan"]
[Black "Lanka, Ravi"]
[Result "1-0"]
[WhiteElo "2208"]
[BlackElo "2404"]
[EventDate "2007.09.19"]
[PlyCount "145"]

1.d4 d5 2.c4 e6 3.Nc3 Bb4 4.e3 Nf6 5.Bd2 c5 6.Nf3 O-O 7.dxc5 Bxc5 8.cxd5 
exd5 9.a3 Nc6 10.b4 Bb6 11.Na4 Bc7 12.Bc3 Qe7 13.Be2 Ne4 14.Bb2 Rd8 15.O-O
Rd6 16.b5 Na5 17.Be5 Rg6 18.Bxc7 Qxc7 19.Qxd5 Nf6 20.Qc5 Qb8 21.Qe5 Bh3 
22.Qxb8+ Rxb8 23.Ne1 Rd8 24.Kh1 Nb3 25.Rb1 Be6 26.Nf3 Ne4 27.Kg1 Nbd2 28.
Nxd2 Nxd2 29.Rfd1 Bh3 30.g3 Rgd6 31.Rbc1 b6 32.Nc3 Kf8 33.Nb1 Nxb1 34.Rxd6
Rxd6 35.Rxb1 Rd2 36.Bf1 Bf5 37.Rb4 Ra2 38.Ra4 Ra1 39.Kg2 Bc2 40.Rxa7 Be4+ 
41.f3 Bxf3+ 42.Kxf3 Rxf1+ 43.Ke4 g5 44.Ra6 Rf6 45.Kd5 Ke7 46.Ra7+ Kf8 47.
a4 Rh6 48.Ra6 Ke7 49.Ra7+ Kf8 50.Rb7 Kg7 51.e4 Rxh2 52.Rxb6 h5 53.a5 Ra2 
54.a6 h4 55.gxh4 gxh4 56.e5 Rd2+ 57.Ke4 Ra2 58.Kd4 Rd2+ 59.Kc3 Ra2 60.Rf6 
h3 61.Rf1 Kg6 62.Kb3 Ra5 63.Kb4 Ra2 64.Rh1 h2 65.Kc5 Kf5 66.Kb6 Kxe5 67.a7
f5 68.Kb7 Kf4 69.a8=Q Rxa8 70.Kxa8 Kg3 71.b6 Kg2 72.Rxh2+ Kxh2 73.b7 1-0

[Event "6th Asia-ch"]
[Site "Cebu City PHI"]
[Date "2007.09.27"]
[Round "9.34"]
[White "Legaspi, Rhobel"]
[Black "Maga, Mirabeau"]
[Result "1-0"]
[WhiteElo "2316"]
[BlackElo "2361"]
[EventDate "2007.09.19"]
[PlyCount "81"]

1.e4 Nf6 2.e5 Nd5 3.Nc3 Nb6 4.d4 d6 5.Nf3 Nc6 6.Bb5 e6 7.a4 a6 8.Bxc6+ 
bxc6 9.a5 Nd5 10.Ne4 h6 11.O-O Ne7 12.b3 Ng6 13.Ba3 Be7 14.Qe2 Rb8 15.Rfd1
O-O 16.g3 f5 17.Nc3 Qe8 18.Re1 Kh7 19.Rad1 Nh8 20.Nd2 g5 21.Nc4 Nf7 22.h3 
Rg8 23.Kh2 Rg6 24.g4 fxg4 25.hxg4 d5 26.Bxe7 Qxe7 27.Nb2 c5 28.Nca4 cxd4 
29.Rxd4 Rb4 30.Qd2 Rxd4 31.Qxd4 h5 32.f3 Rh6 33.Kg2 Nh8 34.Nd3 hxg4 35.
fxg4 Bd7 36.Nac5 Bb5 37.Rf1 Nf7 38.Rf3 Kg7 39.Rf6 Nd8 40.Qe3 Rg6 41.Kg3 
1-0

[Event "6th Asia-ch"]
[Site "Cebu City PHI"]
[Date "2007.09.27"]
[Round "9.35"]
[White "Tolentino, Rustum"]
[Black "Fancy, Stuart"]
[Result "1-0"]
[WhiteElo "2276"]
[BlackElo "2152"]
[EventDate "2007.09.19"]
[PlyCount "43"]

1.e4 e5 2.Nf3 d6 3.d4 exd4 4.Qxd4 Nc6 5.Bb5 Bd7 6.Bxc6 Bxc6 7.Nc3 Qf6 8.
Qd3 Qg6 9.O-O Nf6 10.Re1 O-O-O 11.Nd4 Bd7 12.Bf4 Qg4 13.Qd2 g5 14.Bg3 a6 
15.b4 c5 16.f3 Qh5 17.bxc5 dxc5 18.Nd5 Nxd5 19.exd5 f5 20.Be5 b6 21.Rab1 
cxd4 22.Qxd4 1-0

[Event "6th Asia-ch"]
[Site "Cebu City PHI"]
[Date "2007.09.28"]
[Round "10.2"]
[White "Zhou Jianchao"]
[Black "Wang Hao"]
[Result "1/2-1/2"]
[WhiteElo "2572"]
[BlackElo "2626"]
[EventDate "2007.09.19"]
[PlyCount "61"]

1.Nf3 d5 2.d4 Nf6 3.c4 c6 4.Nc3 a6 5.e3 e6 6.Bd3 dxc4 7.Bxc4 c5 8.Bd3 Nc6 
9.O-O Be7 10.a3 cxd4 11.exd4 O-O 12.Re1 Nd5 13.Bc2 Re8 14.Qd3 g6 15.h4 
Nxc3 16.Qxc3 Bd7 17.Bg5 Rc8 18.Bxe7 Nxe7 19.Qd2 Bc6 20.Ne5 Nf5 21.Bxf5 
exf5 22.Nxc6 Rxe1+ 23.Rxe1 Rxc6 24.h5 Re6 25.Rc1 gxh5 26.d5 Rg6 27.Rc4 Kg7
28.Qd4+ Kh6 29.Qf4+ Qg5 30.Qxg5+ Kxg5 31.Rc7 1/2-1/2

[Event "6th Asia-ch"]
[Site "Cebu City PHI"]
[Date "2007.09.28"]
[Round "10.4"]
[White "Kunte, Abhijit"]
[Black "Megaranto, Susanto"]
[Result "1/2-1/2"]
[WhiteElo "2519"]
[BlackElo "2554"]
[EventDate "2007.09.19"]
[PlyCount "216"]

1.d4 d5 2.c4 c6 3.Nc3 dxc4 4.e3 Bf5 5.Bxc4 e6 6.Nf3 Nf6 7.O-O Nbd7 8.h3 
Be7 9.a4 h6 10.Qe2 O-O 11.e4 Bh7 12.Bf4 Re8 13.Rfd1 Bb4 14.Bd3 a6 15.Rac1 
Rc8 16.Na2 Bf8 17.Nc3 Bb4 18.e5 Nd5 19.Bxh7+ Kxh7 20.Nxd5 exd5 21.Nh2 Nf8 
22.Qd3+ Kh8 23.Ng4 Ng6 24.Be3 Qd7 25.Bxh6 gxh6 26.Nf6 Qe7 27.f4 Rg8 28.Rf1
c5 29.dxc5 Rxc5 30.Nxg8 Kxg8 31.Qd4 Qc7 32.Rcd1 Rc4 33.Qxd5 Rxf4 34.Rxf4 
Nxf4 35.Qe4 Bc5+ 36.Kh1 Ne6 37.Rc1 Qd7 38.Qg4+ Kh8 39.Rd1 Qc7 40.Qe4 a5 
41.Rd3 Bf8 42.Rc3 Qb6 43.b3 Qd8 44.Qd3 Qg5 45.Qe4 Bc5 46.h4 Qh5 47.Rd3 Be7
48.Rh3 Qd1+ 49.Kh2 Qd7 50.Rf3 Bf8 51.Re3 Bg7 52.Rd3 Qc7 53.Re3 Qc5 54.Kh3 
Kg8 55.Kh2 Kf8 56.Kh3 Kg8 57.Kh2 Qc7 58.Kh3 Qc1 59.Kh2 Qb2 60.Kh3 Qf2 61.
Rf3 Qb6 62.Kh2 Qd4 63.Qxd4 Nxd4 64.Re3 Kf8 65.g4 Bxe5+ 66.Kh3 f6 67.g5 
hxg5 68.hxg5 Kf7 69.gxf6 Kxf6 70.Kg2 Ke6 71.Kf2 Kd5 72.Rc3 Bf4 73.Rd3 b6 
74.Rc3 Ke4 75.Rh3 Nf5 76.Ke2 Be3 77.Kd1 Nd4 78.Rh8 Nxb3 79.Kc2 Nc5 80.Re8+
Kd4 81.Rb8 Nxa4 82.Kb3 Nc5+ 83.Ka2 Kc4 84.Rxb6 Na4 85.Rb8 Nc3+ 86.Kb2 Bd4 
87.Ka3 Bc5+ 88.Kb2 Nb5 89.Ka2 a4 90.Ra8 Kb4 91.Rb8 Kc4 92.Ra8 a3 93.Rc8 
Kb4 94.Rb8 Ka4 95.Ra8+ Ba7 96.Rg8 Bb6 97.Rb8 Nc3+ 98.Ka1 Nd5 99.Ra8+ Ba5 
100.Ka2 Nb4+ 101.Kb1 Kb5 102.Ka1 Ka4 103.Kb1 Nd5 104.Ka2 Nc3+ 105.Ka1 Nb5 
106.Ka2 Kb4 107.Rb8 Bc7 108.Rxb5+ Kxb5 1/2-1/2